000 00354nam a2200145 i 4500
001 bg
100 1 _aMAJEWSKI, Mieczyław
245 0 _aZadania z geometrii wykreślnej /
_cMieczysław Majewski. Cz.1.
250 _aWyd.4.
260 _aSzczecin,
_c1979.
040 _cBPK
041 _apol
942 _cKS
008 s pl f |000 0 pol
999 _c18800
_d18800
856 _uhttp://koha.tu.koszalin.pl/cgi-bin/koha/opac-detail.pl?biblionumber=18800
_yKatalog online BPK